00923nam a22002295i 4500001000700000003000900007005001700016008004100033080002300074100001900097245004000116260012600156300007400282490005900356500001400415500004300429504002700472546008000499600002000579830005900599852003500658177728ES-MaACL20230906220410.0110414s1948 be f |||| | fre d a730 Grard, Georges1 aBodart, Roger.10aGeorges Grard / cpar Roger Bodart. aAnvers ; Bruxelles : bDe Sikkel, pour le Ministere de l'Instruction Publique, les editions du Cercle d'Art, ccop. 1948. a15, [28] p. de lám. bl. y n. , [1] h. de lám. bl. y n. ; c25 cm.1 aMonographies de l'art belge. Deuxième Série ; v13 aÍndice. aFalta 1 lámina, que ha sido cortada. aBibliografía: p. 13. aTexto en francés, leyenda de las ilustraciones en francés y holandés.14aGrard, Georges.0 aMonographies de l'art belge. Deuxième Série ; v13 aES-MaACLjE-14918 xOlim P-972